| 000 | 01102nam a22002657a 4500 | ||
|---|---|---|---|
| 005 | 20221220163011.0 | ||
| 008 | 221220b ||||| |||| 00| 0 eng d | ||
| 020 | _a0744800781 | ||
| 040 | _cAL | ||
| 041 | _aeng | ||
| 082 |
_223 _a150.19 _bMARE |
||
| 100 |
_aHerbert Marcuse _967116 |
||
| 245 |
_aEros and civilisation: _bA philosophical inquiry into freud |
||
| 260 |
_aLondon _bARK Paper Backs _c1956 |
||
| 300 |
_axii,277p. _bPB _c19x13cm |
||
| 365 | _2Psychology | ||
| 520 | _aIn this classic work, Herbert Marcuse takes as his starting point Freud's statement that civilization is based on the permanent subjugation of the human instincts, his reconstruction of the prehistory of mankind - to an interpretation of the basic trends of western civilization, stressing the philosophical and sociological implications. | ||
| 650 |
_aReality Principle _967117 |
||
| 650 |
_aRepressed Individual _967118 |
||
| 650 |
_aRepressive Cilvilization _967119 |
||
| 650 |
_aAesthetic Dimension _967120 |
||
| 650 |
_aEros and Thanatos _967121 |
||
| 700 |
_aMARCUSE (Herbert) _967122 |
||
| 942 |
_2ddc _cDB |
||
| 999 |
_c225976 _d225976 |
||